Orpheus und Eurydike (Record no. 9974)

MARC details
000 -CABECERA
campo de control de longitud fija 00649nam a2200217 a 4500
001 - NÚMERO DE CONTROL
campo de control BRL_1162
005 - FECHA Y HORA DE LA ÚLTIMA TRANSACCIÓN
campo de control 20190320211049.0
008 - DATOS DE LONGITUD FIJA--INFORMACIÓN GENERAL
campo de control de longitud fija 201113s19uu----au-#######---#000-0#ger-#
041 ## - CÓDIGO DE LENGUA
Código de lengua del texto/banda sonora o título independiente ger
044 ## - CÓDIGO DEL PAÍS DE LA ENTIDAD EDITORA/PRODUCTORA
Código MARC del país au
050 #4 - SIGNATURA TOPOGRÁFICA DE LA BIBLIOTECA DEL CONGRESO
Número de clasificación ML50.G569
Número de documento/Ítem .G58 1900
100 1# - ENTRADA PRINCIPAL--NOMBRE DE PERSONA
Nombre de persona Gluck, Christoph Willibald
Títulos y otros términos asociados al nombre Ritter von
Fechas asociadas al nombre 1714-1787
9 (RLIN) 25977
245 10 - MENCIÓN DE TÍTULO
Título Orpheus und Eurydike
Resto del título oper in drei akten
Mención de responsabilidad, etc. nach dem Eranzöhschen von J. D. Sander; Musik von Ritter von Gluck
260 ## - PUBLICACIÓN, DISTRIBUCIÓN, ETC.
Lugar de publicación, distribución, etc. Wien
Nombre del editor, distribuidor, etc. Adolph M. Künast
Fecha de publicación, distribución, etc. [19--]
300 ## - DESCRIPCIÓN FÍSICA
Extensión 20 p.
Dimensiones 18 cm.
500 ## - NOTA GENERAL
Nota general Au1367
650 14 - PUNTO DE ACCESO ADICIONAL DE MATERIA--TÉRMINO DE MATERIA
Término de materia o nombre geográfico como elemento de entrada Opera
9 (RLIN) 23436
650 14 - PUNTO DE ACCESO ADICIONAL DE MATERIA--TÉRMINO DE MATERIA
Término de materia o nombre geográfico como elemento de entrada Libretos para operas
9 (RLIN) 23437
902 ## - CATALOGADOR
Iniciales GRL
942 ## - ELEMENTOS DE PUNTO DE ACCESO ADICIONAL (KOHA)
Fuente del sistema de clasificación o colocación Library of Congress Classification
Tipo de ítem Koha Libros
Holdings
Estado de retiro Estado de pérdida Estado dañado No para préstamo Localización permanente Ubicación/localización actual Fecha de adquisición Número de inventario Total de préstamos Signatura topográfica completa Código de barras Fecha visto por última vez Precio válido a partir de Tipo de ítem Koha
El ejemplar forma parte de la colección y puede ser consultado según las políticas vigentes.       Biblioteca Centro de Estudios Ruth D. Lechuga Biblioteca Centro de Estudios Ruth D. Lechuga 20/11/2013 Au1367   ML50.G569 .G58 1900 (Au1367) GRL01275 22/03/2019 22/03/2019 Libros